000 00613nam a2200205Ii 4500
003 JO-AjNU
008 230606s9999||||xx |||||||||||||| ||und||
020 _a0-13-035313-2
040 _aJO-AjNU
_beng
_erda
_cJO-AjNU
041 _aeng
050 1 4 _aQA76.73.C253.E247.2004
100 3 _aALLISON,CHUCH,
_eauthor
_9531
245 0 0 _aTHINKING IN C++ VOLUME TWO:PRACTICAL PROGRAMMING vol.2
264 3 1 _apearson printice hall:upper saddle,2004
300 _avolume2, 806p
336 _atext
_btxt
_2rdacontent
337 _aunmediated
_bn
_2rdamedia
338 _avolume
_bnc
_2rdacarrier
650 4 _aTHINKING
_9532
999 _aE282
_c282
_d282